| 000 | 01200nam0a22002771 4500 | ||
|---|---|---|---|
| 001 | v19\rc\1742002 | ||
| 005 | 20250619082715.0 | ||
| 035 | _a(NLR Aleph) 004889423 | ||
| 090 |
_a5254962 _c5254962 |
||
| 100 | _a20061204d1902 |||y0rusy50 ca | ||
| 101 | 0 | _arus | |
| 102 | _aRU | ||
| 105 | _ay z |||c| | ||
| 200 | 1 |
_aАбадзехи _e(Историко-этногр. очерк) |
|
| 210 |
_aТифлис _cтип. К.П. Козловского _d1902 |
||
| 215 |
_a[2], 50 с. _d22 |
||
| 225 | 1 |
_aЗаписки Кавказского отделения Русского географического общества _vКн. 22, вып. 4 |
|
| 300 | _aПеред загл. авт.: А.Н. Дьячков-Тарасов | ||
| 700 | 1 |
_7ca _8rus _aДьячков-Тарасов _bА. Н. _cэтнограф _fок.1898-ок. 1943 _gАлександр Николаевич _9171749 _3RU\NLR\AUTH\770171799 |
|
| 790 | 1 |
_7ca _8rus _aТарасов _bА. Н. _cписатель _fок.1898-ок. 1943 _gАлександр Николаевич _9171748 _3RU\NLR\AUTH\770171798 |
|
| 801 | 0 |
_aRU _bNLR _gpsbo |
|
| 801 | 1 |
_aRU _bProSoft-M _2rusmarc |
|
| 852 |
_aNLR _j1/164 |
||
| 942 | _cBOOK | ||
| 980 | _aNB | ||